| 000 | 00668nam a2200193 i 4500 | ||
|---|---|---|---|
| 001 | 10107 | ||
| 003 | ES-MaACL | ||
| 005 | 20230906145823.0 | ||
| 007 | t| | ||
| 008 | 950213s1994 sp ||||1| spa d | ||
| 020 | _a84-605-0104-3 | ||
| 080 | _a92 Garrígues Diaz-Cañabate, Joaquín | ||
| 100 | 1 |
_aGarrigues, Luis Joaquín. _955767 |
|
| 245 | 1 | 0 |
_aImagenes de una vida _b: Joaquín Garrigues / _cLuis Joaquin Garrigues. |
| 260 |
_a[S.l.] : _bL.J. Garrigues, _cD.L. 1994 ( _eParacuellos del Jarama, Madrid : _fClosas, Orcoyen) |
||
| 300 |
_a489 p. : _bil. ; _c23 cm. |
||
| 600 | 1 | 4 |
_aGarrigues, Joaquín ( _d1899-1983) _9162586 |
| 852 |
_aES-MaACL _jL-17573 _bR.123506 |
||
| 999 |
_c10107 _d10107 |
||